Statistiken für US Serien am Intro Text erkennen

Klicken Sie hier um das Quiz zu spielen!

Allgemein

  • Dieses Quiz wurde 146 mal gespielt
  • Das Durchschnittsergebnis liegt bei 3 aus 12

Antwortstatistiken

HintAntwort% Korrekt
Got a secret, can you keep it?Pretty little Liars
63%
California here we come, right back where we started fromO.C.
57%
Love and Marriage, love and marriage. It's an Institute you can't disparageEine schrecklich nette Familie
52%
If you're out on the road. Feeling lonely, and so cold. All you have to do is call my name. And I'll be there on the next trainGilmore Girls
32%
Who are you? Who, who?CSI
20%
Thank you for being a friend....Golden Girls
18%
What ever happened to predictability the milkman the paperboy the evening tvFull House
16%
Somebody save me
I don't care how you do it, just stay (Stay with me)
Smallville
12%
Hit the road, Jack and don′t you come back no more, No more, no more, no moreAuf schlimmer und Ewig
9%
it's a rare condition this day and age to read any good news on the newspaper pageAlle unter einem Dach
4%
A long time ago we used to be friends
But I haven't thought of you lately at all
Veronica Mars
4%
I've been down this road walkin' the line
That's painted by pride
And I have made mistakes in my life
That I just can't hide
Ally McBeal
3%

Verteilung der Resultate

Perzentil nach korrekt beantworteten Fragen

Anzahl Personen mit jedem Resultat

Ihre Resultats-Entwicklung

Sie haben dieses Quiz noch nicht gespielt